Normal view
MARC view
Entry Término temático
001 - NÚMERO DE CONTROL
- campo de control: 182435
003 - IDENTIFICADOR DEL NÚMERO DE CONTROL
- campo de control: OSt
005 - FECHA Y HORA DE LA ÚLTIMA TRANSACCIÓN
- campo de control: 20220601075349.0
008 - DATOS DE LONGITUD FIJA
- campo de control de longitud fija: 220601|| aca||aabn | a|a d
040 ## - FUENTE DE LA CATALOGACIÓN
- Centro catalogador/agencia de origen: OSt
- Centro/agencia transcriptor: OSt
150 ## - ENCABEZAMIENTO--TÉRMINO DE MATERIA
- Término de materia o nombre geográfico como elemento de entrada: 1. Cultivos asociados 2. Avena como forraje 3. Veza 4. Forrajes - Rendimiento
670 ## - FUENTE DE DATOS ENCONTRADOS
- Cita de la fuente: Work cat.: (OSt)215174: García Bañuelos, Norberto 45747, Estudio de la asociación avena (Avena sativa L.) veza común (Vicia sativa L:), como alternativa para producir forraje en invierno / Norberto García Bañuelos y Juan Meza Ortega
